El amante del volcán / (Record no. 106590)

MARC details
000 -CABECERA
campo de control de longitud fija 00749nam a2200229 a 4500
005 - FECHA Y HORA DE LA ÚLTIMA TRANSACCIÓN
campo de control 20210223125425.0
008 - ELEMENTOS DE LONGITUD FIJA--INFORMACIÓN GENERAL
campo de control de longitud fija 040303s1996 mx r 000 0 spa d
020 ## - NÚMERO INTERNACIONAL NORMALIZADO PARA LIBROS
Número Internacional Estándar del Libro 842042918X
035 ## - NÚMERO DE CONTROL DEL SISTEMA
Número de control de sistema UPN01000134439
049 ## - COLECCIÓN
Colección CG
050 #4 - SIGNATURA TOPOGRÁFICA DE LA BIBLIOTECA DEL CONGRESO
Número de clasificación PS3569 O6.547
Número de documento/Ítem A4a
100 1# - ASIENTO PRINCIPAL--NOMBRE PERSONAL
Nombre de persona Sontag, Susan,
Fechas asociadas al nombre 1933-2004
9 (RLIN) 16029
245 13 - MENCIÓN DE TÍTULO
Título El amante del volcán /
Mención de responsabilidad, etc. Susan Sontag ; tr. Marta Pessarrodona.
260 ## - PUBLICACIÓN, DISTRIBUCIÓN, ETC.
Lugar de publicación, distribución, etc. Madrid :
Nombre del editor, distribuidor, etc. Alfaguara,
Fecha de publicación, distribución, etc. 1996.
300 ## - DESCRIPCIÓN FÍSICA
Extensión 556 p.
440 #0 - MENCIÓN DE SERIE/ASIENTO SECUNDARIO--TÍTULO
Título Alfaguara bolsillo ;
Designación de volumen o secuencia 45
534 ## - NOTA SOBRE LA VERSIÓN ORIGINAL
Frase introductoria Traducción de:
Mención de título del original The volcano lover
600 14 - ASIENTO SECUNDARIO DE MATERIA - NOMBRE PERSONAL
Nombre de persona HAMILTON, WILLIAM,
Fechas asociadas al nombre 1730-1803 -
Subdivisión de forma NOVELA
9 (RLIN) 371
600 14 - ASIENTO SECUNDARIO DE MATERIA - NOMBRE PERSONAL
Nombre de persona HAMILTON, EMMA,
Títulos y otros términos asociados al nombre LADY,
Fechas asociadas al nombre 1761?-1815
9 (RLIN) 370
650 #4 - ASIENTO SECUNDARIO DE MATERIA - TERMINO TEMATICO
Término de materia o nombre geográfico como elemento de entrada TRIANGULOS (RELACIONES INTERPERSONALES) -
Subdivisión de forma NOVELA
9 (RLIN) 369
905 ## - TIPO DE MATERIAL
Tipo de material Libro
Holdings
Estado de retiro Estado de pérdida Fuente del sistema de clasificación o colocación Estado dañado No para préstamo Código de colección Localización permanente Ubicación/localización actual Ubicación en estantería Total de préstamos Clasificación Código de barras Fecha visto por última vez Número de copia Tipo de ítem Koha
    Library of Congress Classification     Colección General Bib. Gregorio Torres Quintero Bib. Gregorio Torres Quintero Planta baja 10 PS5369 O6.547 A4a 198329 31/12/2020 1 Libro